| 000 | 00543nam a2200157 a 4500 | ||
|---|---|---|---|
| 001 | 000039926 | ||
| 005 | 20201002033819.0 | ||
| 008 | 130730s2007 mx ac 000 0 spa d | ||
| 020 | _a9789707709997 | ||
| 040 |
_aDO-SdBNP _bspa _cBNPHU |
||
| 100 | 1 |
_aMacías, Adriana _966132 |
|
| 245 | 1 | 0 |
_aAbrazar el éxito : _bla autobiografía de quien transformó la adversidad en un camino de superación constante / _cAdriana Macías. |
| 260 |
_aMéxico : _bAlamah, _c2007. |
||
| 300 |
_a165 p. : _bils., retrs. ; _c23 cm. |
||
| 590 | _aInventariado, 2019/BT | ||
| 999 |
_c39416 _d39416 |
||